000 00852nam a2200229Ia 4500
003 GCL
008 140319s9999 xx 000 0 ara d
040 _aGCL /
_cGCL
082 0 4 _aد
_b050
_bم ع
100 1 _aمركز الدراسات التخطيطية المعمارية
245 1 0 _aعالم البناء /
_cمركز الدراسات التخطيطية المعمارية
260 _a[S.N] :
_bمركز الدراسات التخطيطية والمعمارية ،
_c1985
300 _aمتعدد
490 _aالمؤسسة المعمارية
_v0
650 0 4 _aالهندسة
650 0 4 _aالهندسة الرياضية
650 0 4 _aالهندسة الجيولوجيا
650 0 4 _aالهندسة الصناعية
650 0 4 _aالهندسة الزراعية
650 0 4 _aالهندسة الانشائية
942 _2ddc
_cCF
999 _c27469
_d27469